Biblioteca

Rebels and exiles : (Registro nro. 66734)

Detalles MARC
000 -LÍDER
Campo fijo de descripción fija 01997nam a2200349 i 4500
001 - NÚMERO DE CONTROL
Campo de control 768714001
003 - IDENTIFICADOR DEL NÚMERO DE CONTROL
Campo de control CO-MdFUSB
005 - FECHA Y HORA DE LA ULTIMA TRANSACCIÓN
control field 20210519162058.0
007 - CAMPO FIJO DE DESCRIPCIÓN FIJA--INFORMACIÓN GENERAL
Campo fijo de descripción fija ta
008 - ELEMENTOS DE LONGITUD FIJA -- INFORMACIÓN GENERAL
Campo fijo de descripción fija -- Información general 210512t2020 -us |||| |||| 00| 0 eng d
020 ## - NÚMERO INTERNACIONAL NORMALIZADO PARA LIBROS
Número Internacional Normalizado del libro 9780830855414
040 ## - FUENTE DE CATALOGACIÓN
Agencia de catalogación original CO-MdFUSB
Idioma de catalogación spa
Agencia que realiza la transcripción CO-MdFUSB
Agencia que realiza la modificación CO-MdFUSBC
Convenciones de la descripción rda
041 ## - CÓDIGO DE IDIOMA
Código de idioma para texto/pista de sonido o título separado eng
082 ## - NÚMERO DE CLASIFICACIÓN DECIMAL DEWEY
Número de la edición del Dewey 23
Número de clasificación 234.3
Clave de autor-Numero de item H288
100 ## - ASIENTO PRINCIPAL--NOMBRE PERSONAL
Nombre personal Harmon, Matthew S. ‎
Término relacionador autor
245 1# - TÍTULO
Título del Material Rebels and exiles :
Parte restante del título - Subtitulo a biblical theology of sin and restoration
Mención de responsabilidad, etc. / Matthew S. Harmon
264 #1 - PRODUCCIÓN, PUBLICACIÓN, DISTRIBUCIÓN, MANUFACTURA, Y COPYRIGHT
Lugar de producción, publicación, distribución, manufactura Estados Unidos :
Nombre del productor, publicador, distribuidor InterVarsity Press,
Fecha de producción, publicación, distribución, manufactura, o copyright [2020]
264 #4 - PRODUCCIÓN, PUBLICACIÓN, DISTRIBUCIÓN, MANUFACTURA, Y COPYRIGHT
Fecha de producción, publicación, distribución, manufactura, o copyright © 2020
300 ## - DESCRIPCIÓN FÍSICA
Extensión 164 páginas
Dimensiones ; 22 cm
336 ## - TIPO DE CONTENIDO
Fuente rdacontent
Término de tipo de contenido texto
Código de tipo de contenido txt
337 ## - TIPO DE MEDIO
Fuente rdamedia
Nombre del tipo de medio sin mediación
Código del tipo de medio n
338 ## - TIPO DE SOPORTE
Fuente rdacarrier
Nombre del tipo de soporte volumen
Código Tipo de soporte nc
490 ## - MENCIÓN DE SERIE
Mención de serie Essential studies in biblical theology.
505 ## - NOTA DE CONTENIDO
Nota de contenido con formato preestablecido Introducción: El pecado y el exilio en la experiencia contemporánea - La rebelión y el exilio originales de la humanidad - La amenaza del exilio / cuando Israel se rebela - La realidad del exilio cuando Israel se rebeló - El regreso del exilio cuando Israel se arrepiente - El fin del exilio inaugurado mediante la vida y el ministerio de Jesús - Restauración mediante la muerte, resurrección y ascensión de Jesús - La vida como exiliados en un mundo caído - El fin del exilio consumado en una nueva creación - Las implicaciones prácticas del pecado, el exilio y la restauración .
520 ## - NOTA DE RESUMEN, ETC.
Nota de sumario, etc. <br/>"Todos compartimos una experiencia de exilio, de anhelo por nuestro verdadero hogar. En este volumen de la ESBT, Matthew S. Harmon explora cómo se desarrolla el tema del pecado y el exilio a lo largo de las Escrituras, trazando un patrón común de rebelión humana, el juicio de Dios y la esperanza de una relación restaurada, comenzando con los primeros humanos y concluyendo con el fin del exilio en una nueva creación "-
563 ## - NOTA DE ENCUADERNACIÓN
Nota de encuadernación Rústico
653 ## - TÉRMINO DE INDIZACIÓN - NO CONTROLADO
Término no controlado Exilio
653 ## - TÉRMINO DE INDIZACIÓN - NO CONTROLADO
Término no controlado Redención
942 ## - TIPO DE MATERIAL (KOHA)
Tipo de Item KOHA Libros General
945 ## - INFORMACIÓN LOCAL DEL REGISTRO
Catalogador JTF-925
Existencias
Estado de Material Estado de Perdido Forma de Clasificación Estado de Dañado No para Préstamo Colección Biblioteca de Origen Biblioteca Permanente Fecha de Adquisición Área Total de Préstamos Signatura Topográfica Código de Barras Última vez visto Ejemplar/Existencia Fecha de Remplazo Tipo de Material
    Dewey Decimal Classification     Colección General Biblioteca FUSBC Biblioteca FUSBC 12/05/2021 CRISTIANISMO Y OTRAS DISCIPLINAS   G 234.3 H288r 19480 12/05/2021 Ej. 1 12/05/2021 Libros General

Biblioteca FUSBC | Teléfono: (57+4) 349 88 10 Ext. 141| WhatsApp (+57) 3005338115 
E-mail: biblioteca@unisbc.edu.co | Calle 76 87-14 Robledo Palenque, Medellín, Colombia

Con tecnología Koha